00860nam a2200205 a 4500001000800000005001700008008004100025041000800066044000700074050002500081100003300106245015400139260008200293300005000375500006500425504003300490650004400523651005000567700003700617BRCA_6720190320202853.0921020s1992 mx-a---##b---s001-0#spa-# aspa amx 4aNA5811.B8b.I43 19921 aIlardia Gálligo, Magdalena10aLa Catedral de Burgosbuna visión del proceso constructivo y de la evolución artísticacMagdalena Ilardia Gálligo, Félix Palomero Aragón. a[Puebla]bGobierno del Estado de Puebla, Comisión Puebla V Centenarioc1992 a239 p.bil. (algunas a color), planosc23 cm. aIncluye índice de planos, dibujos, alzados y fotografías aBibliografía : p. 227-23614aCatedral de Burgos (España)xHistoria 4aBurgos (España)xEdifios, estructuras, etc.1 aPalomero Aragón, Felixecoaut.